[Event "USCL Week 8"]
[Site "Internet Chess Club"]
[Date "2011.10.19"]
[Round "?"]
[White "Dean, Jim"]
[Black "Xiong, Jeffery"]
[Result "1-0"]
[WhiteElo "2336"]
[BlackElo "2237"]
[PlyCount "69"]
[EventDate "2011.??.??"]

1. d4 Nf6 2. c4 e6 3. Nc3 Bb4 4. e3 b6 5. a3 Bxc3+ 6. bxc3 Bb7 7. f3 d6 8. Bd3
Nbd7 9. Ne2 c5 10. O-O O-O 11. e4 Qc7 12. d5 Ne5 13. f4 Nxd3 14. Qxd3 Ba6 15.
a4 Rae8 16. Ng3 exd5 17. exd5 Re7 18. Bd2 Rfe8 19. a5 bxa5 20. Ra4 Bc8 21. Rfa1
Ne4 22. Rxa5 Nxg3 23. hxg3 Bg4 24. f5 Be2 25. Qb1 Bxc4 26. Rxa7 Qxa7 27. Rxa7
Rxa7 28. Qb6 Ra6 29. Qb7 h6 30. Qd7 Re2 31. f6 Bd3 32. Qd8+ Kh7 33. Qf8 Ra1+
34. Kh2 Kg6 35. fxg7 1-0

[Event "USCL Week 8"]
[Site "Internet Chess Club"]
[Date "2011.10.19"]
[Round "?"]
[White "Kiewra, Keaton"]
[Black "Rosen, Eric"]
[Result "0-1"]
[WhiteElo "2436"]
[BlackElo "2333"]
[PlyCount "94"]
[EventDate "2011.??.??"]

1. e4 c5 2. Nf3 Nc6 3. Bb5 e6 4. O-O Nge7 5. c3 a6 6. Ba4 b5 7. Bc2 Bb7 8. Qe2
d5 9. a4 b4 10. e5 Ng6 11. d4 a5 12. dxc5 Bxc5 13. Re1 Qb6 14. Bd3 Ba6 15. Bb5
Bxb5 16. axb5 Ncxe5 17. Nxe5 Nxe5 18. cxb4 Bd6 19. Be3 Qd8 20. Bc5 Nc4 21. b3
axb4 22. Rxa8 Qxa8 23. Bxd6 Nxd6 24. Qe5 Nxb5 25. Qxg7 Ke7 26. Qg5+ Kd7 27. Qf4
Nd6 28. Qxb4 Rb8 29. Qc3 Ne4 30. Qg7 Ke7 31. Qxh7 Rxb3 32. Qh4+ Kd7 33. Qf4 f6
34. Qh6 Qa2 35. Rc1 Qxf2+ 36. Kh1 Qb6 37. Qg7+ Kd6 38. h4 Rxb1 39. Rxb1 Qxb1+
40. Kh2 Qe1 41. Qf8+ Ke5 42. Qb8+ Nd6 43. Kh3 d4 44. Qb6 Qh1+ 45. Kg4 Qxg2+ 46.
Kh5 Qf3+ 47. Kg6 Qg4+ 0-1

[Event "USCL Week 8"]
[Site "Internet Chess Club"]
[Date "2011.10.19"]
[Round "?"]
[White "Hungaski, Robert"]
[Black "Benjamin, Joel"]
[Result "1/2-1/2"]
[WhiteElo "2621"]
[BlackElo "2640"]
[PlyCount "234"]
[EventDate "2011.??.??"]

1. c4 e6 2. Nf3 Nf6 3. e3 b6 4. b3 Bb7 5. Bb2 d5 6. Nc3 a6 7. d4 Nbd7 8. Bd3
Bd6 9. Qc2 O-O 10. O-O Re8 11. Rad1 dxc4 12. Bxc4 Qe7 13. e4 b5 14. Bd3 e5 15.
Ne2 c5 16. dxe5 Nxe5 17. Nxe5 Bxe5 18. Bxe5 Qxe5 19. f4 Qe7 20. Ng3 c4 21. bxc4
Nxe4 22. Bxe4 Bxe4 23. Nxe4 Qxe4 24. Qxe4 Rxe4 25. cxb5 axb5 26. Rf2 h5 27. g3
h4 28. Rd3 h3 29. Rb2 Re1+ 30. Kf2 Ra1 31. Rdb3 R8xa2 32. Rxb5 Rh1 33. Rxa2
Rxh2+ 34. Kg1 Rxa2 35. Kh1 Rg2 36. Rg5 f6 37. Rg4 Kf8 38. f5 Kf7 39. Rg6 Rf2
40. Rg4 Rxf5 41. Rh4 Kg6 42. Kh2 Rh5 43. Ra4 Rh8 44. Rg4+ Kf7 45. Ra4 Rh7 46.
Ra7+ Kg6 47. Ra5 Rh8 48. Ra7 f5 49. Rb7 Kf6 50. Rb6+ Kg5 51. Rb4 Rh6 52. Ra4
Kf6 53. Ra6+ Ke5 54. Ra5+ Ke4 55. Ra4+ Ke3 56. Ra3+ Ke2 57. Ra2+ Kf3 58. Ra3+
Kg4 59. Ra4+ Kg5 60. Rb4 g6 61. Ra4 Rh8 62. Rb4 Rh5 63. Ra4 Kf6 64. Ra6+ Kf7
65. Ra7+ Kg8 66. Ra8+ Kg7 67. Ra7+ Kf8 68. Ra8+ Ke7 69. Ra7+ Ke8 70. Ra5 Kd8
71. Rc5 Kd7 72. Ra5 Kc7 73. Re5 Rh8 74. Rc5+ Kd7 75. Ra5 Ke7 76. Ra7+ Kf6 77.
Ra6+ Kg5 78. Ra5 Kg4 79. Ra4+ Kf3 80. Ra3+ Ke2 81. Ra2+ Ke3 82. Ra3+ Kd4 83.
Ra4+ Kd3 84. Ra3+ Kd4 85. Ra4+ Kc3 86. Ra5 Kc4 87. Re5 Kd4 88. Ra5 Rh7 89. Ra4+
Ke5 90. Ra5+ Ke4 91. Ra4+ Kf3 92. Ra3+ Kg4 93. Ra4+ Kg5 94. Rb4 Re7 95. Kxh3
Re4 96. Rb5 Kh5 97. Ra5 Re3 98. Rb5 Rf3 99. Kg2 Ra3 100. Kh3 Rc3 101. Ra5 Rb3
102. Rc5 Rb2 103. Ra5 Kg5 104. Rc5 Rf2 105. Ra5 Kh6 106. Ra6 Kh5 107. Ra5 g5
108. Rxf5 Rxf5 109. g4+ Kg6 110. gxf5+ Kxf5 111. Kg3 g4 112. Kg2 Kf4 113. Kf2
g3+ 114. Kg2 Kg4 115. Kg1 Kf3 116. Kf1 g2+ 117. Kg1 Kg3 1/2-1/2

[Event "USCL Week 8"]
[Site "Internet Chess Club"]
[Date "2011.10.19"]
[Round "?"]
[White "Chirila, Cristian"]
[Black "Friedel, Josh"]
[Result "0-1"]
[WhiteElo "2565"]
[BlackElo "2609"]
[PlyCount "104"]
[EventDate "2011.??.??"]

1. e4 e5 2. Nf3 Nc6 3. Bb5 a6 4. Ba4 Nf6 5. O-O Be7 6. Re1 d6 7. h3 b5 8. Bb3
Na5 9. d3 O-O 10. Nbd2 Re8 11. Nf1 h6 12. c3 Nxb3 13. axb3 Bf8 14. Ng3 c6 15.
d4 Qc7 16. Bd2 Bd7 17. Qc2 c5 18. d5 a5 19. c4 Reb8 20. cxb5 Rxb5 21. Bc3 Be7
22. Nd2 Ne8 23. Nc4 Bd8 24. Nf1 Ra6 25. Ra3 Qa7 26. Rea1 Qa8 27. Nfe3 Kh8 28.
Kh2 Kg8 29. g3 h5 30. f4 h4 31. Qf2 Nf6 32. Qf3 hxg3+ 33. Kxg3 exf4+ 34. Kxf4
g6 35. Rg1 Be7 36. Ng4 Nh5+ 37. Ke3 Bg5+ 38. Kd3 Qe8 39. Nf2 Qe7 40. h4 Nf4+
41. Kc2 Bh6 42. Bd2 Qf6 43. Bc3 Qe7 44. Bd2 Qf6 45. Ng4 Bxg4 46. Qxg4 Qd4 47.
Qc8+ Kh7 48. Qxa6 Qxe4+ 49. Kc1 Ne2+ 50. Kd1 Nxg1 51. Bxh6 Kxh6 52. Qxb5 Qd3+
0-1

[Event "USCL Week 8"]
[Site "Internet Chess Club"]
[Date "2011.10.19"]
[Round "?"]
[White "Cao, Kevin"]
[Black "Olivera, Joan"]
[Result "0-1"]
[WhiteElo "2215"]
[BlackElo "2399"]
[PlyCount "136"]
[EventDate "2011.??.??"]

1. e4 e6 2. d4 b6 3. Nf3 Bb7 4. Bd3 Nf6 5. Qe2 d5 6. e5 Nfd7 7. c3 Be7 8. Nbd2
c5 9. Nf1 Nc6 10. a3 cxd4 11. cxd4 Na5 12. Ng3 h5 13. h4 Rc8 14. Bf4 Nc4 15.
Ng5 b5 16. Nxh5 Qa5+ 17. Kf1 Bf8 18. b3 Qc3 19. Re1 Qxb3 20. Rh3 Qa4 21. Bc1
Rc7 22. Qg4 Ncxe5 23. Nxe6 Rxc1 24. Nexg7+ Bxg7 25. Nxg7+ Kf8 26. Ne6+ fxe6 27.
Qf4+ Ke8 28. Rxc1 Nxd3 29. Rxd3 b4 30. axb4 Ba6 31. Kg1 Rf8 32. Qe3 Bxd3 33.
Qxd3 Qxb4 34. Qg6+ Ke7 35. Qg5+ Rf6 36. Qg7+ Kd6 37. Qg3+ e5 38. dxe5+ Nxe5 39.
Qg7 Nd7 40. Qg3+ Ne5 41. Qg7 Rf7 42. Qh6+ Kd7 43. Qe3 Qb6 44. Qh3+ Kd6 45. Rf1
d4 46. Qa3+ Qc5 47. Qa6+ Nc6 48. Re1 Qc2 49. Qa3+ Kd7 50. Qh3+ Qf5 51. Qg3 d3
52. Rd1 Ne5 53. Qe3 Ke6 54. Ra1 Qf4 55. Qc5 Kf6 56. h5 d2 57. Qd6+ Kg7 58. Qc5
Qg5 59. Qc3 Rd7 60. Rd1 Kh6 61. Kf1 Rd6 62. Qb4 Rd8 63. f4 Qxh5 64. Rxd2 Qh1+
65. Kf2 Ng4+ 66. Kf3 Nh2+ 67. Kf2 Qf1+ 68. Kg3 Qe1+ 0-1